[Event "Adelboden op 1st"]
[Site "Adelboden"]
[Date "2013.12.15"]
[Round "5"]
[White "Scherer Schwab, Rolf"]
[Black "Zahner, Rolf"]
[Result "1-0"]
[WhiteElo "1845"]
[BlackElo "1644"]
[PlyCount "65"]
[EventDate "2013.12.13"]
[EventType "swiss"]
[EventRounds "5"]
[EventCountry "SUI"]
[SourceTitle "CBM 158 Extra"]
[Source "ChessBase"]
[SourceDate "2014.02.28"]
[SourceVersion "1"]
[SourceVersionDate "2014.02.28"]
[SourceQuality "1"]

1. d4 Nf6 2. c4 g6 3. Nc3 Bg7 4. e4 d6 5. f3 Nbd7 6. Be3 e5 7. d5 a6 8. Bd3 b6 9. Nge2 Nc5 10. Bc2 Bd7 11. b4 Nb7 12. Qd2 b5 13. c5 dxc5 14. bxc5 Bc8 15. Bb3 Na5 16. Rd1 Nxb3 17. axb3 0-0 18. 0-0 Qe7 19. Na2 Rd8 20. Nb4 Bb7 21. c6 Bc8 22. Nd3 Bf8 23. Qc3 Ne8 24. Qxe5 Qxe5 25. Nxe5 f6 26. Nd3 f5 27. Bc5 fxe4 28. fxe4 Bxc5+ 29. Nxc5 Nd6 30. Rde1 Re8 31. Nd4 Kg7 32. h3 Nf7 33. Nde6+ 1-0

[Event "Adelboden op 1st"]
[Site "Adelboden"]
[Date "2013.12.14"]
[Round "3"]
[White "Scherer Schwab, Rolf"]
[Black "Jorns, Benedikt"]
[Result "1-0"]
[WhiteElo "1845"]
[BlackElo "1902"]
[PlyCount "49"]
[EventDate "2013.12.13"]
[EventType "swiss"]
[EventRounds "5"]
[EventCountry "SUI"]
[SourceTitle "CBM 158 Extra"]
[Source "ChessBase"]
[SourceDate "2014.02.28"]
[SourceVersion "1"]
[SourceVersionDate "2014.02.28"]
[SourceQuality "1"]

1. d4 Nf6 2. c4 e6 3. Nf3 b6 4. Nc3 Bb7 5. g3 Be7 6. Bg2 0-0 7. 0-0 d5 8. cxd5 Nxd5 9. Re1 Nd7 10. Nxd5 Bxd5 11. Bf4 c5 12. e4 Bb7 13. d5 exd5 14. exd5 Bf6 15. Qb3 g5 16. Bd6 Re8 17. Rxe8+ Qxe8 18. Re1 Qd8 19. Be5 g4 20. Bxf6 Nxf6 21. Ne5 h5 22. d6 c4 23. Qxc4 Qe8 24. Bxb7 Rb8 25. Bg2 1-0